Statistics for US Metro Areas with the Most Roller Coasters

Click here to take the quiz!

General Stats

  • This quiz has been taken 742 times
  • The average score is 15 of 28

Answers on the Map

Answers color-coded by a green-red scale on the quiz's map according to % correct below.
 

Answer Stats

Number of CoastersMetro/Micro Area% Correct
40Los Angeles
99%
53New York City
97%
16Dallas
95%
34Orlando
95%
24Chicago
92%
15Atlanta
87%
10Denver
77%
14Minneapolis
74%
12Tampa
74%
11St. Louis
73%
11San Diego
71%
14Charlotte
70%
16Cincinnati
69%
19San Antonio
67%
11Pittsburgh
61%
13Washington
58%
10Buffalo
49%
13Richmond
45%
10San Jose
45%
11Virginia Beach
34%
16Sandusky
27%
11Springfield
17%
14Harrisburg
13%
11Branson
11%
10Allentown
9%
10Vallejo
6%
11Ogden
3%
23Sevierville
3%

Score Distribution

Percentile by Number Answered

Percent of People with Each Score

Your Score History

You have not taken this quiz